| 000 | 00974nas a2200289 4500 | ||
|---|---|---|---|
| 001 | BR2017000540 | ||
| 003 | BR-BrBNA | ||
| 005 | 20231205130832.0 | ||
| 007 | ta | ||
| 008 | 230509b bl.|||p| |||| 00| 00por d | ||
| 040 |
_aBR-BrBNA _bpor _cBiblioteca Nacional de Agricultura |
||
| 041 | _a(En) | ||
| 072 | _aP34 | ||
| 100 | 1 | _aCosta, H.A.O | |
| 100 | 1 | _aStürmer, S.L. | |
| 100 | 1 | _aRagonezi, C. | |
| 100 | 1 | _aGrazziotti, P.H. | |
| 100 | 1 | _aGrazziotti, D.C.F.S. | |
| 100 | 1 | _aSilva, E. de B. | |
| 245 | 1 | _aSpecies richness and root colonization of arbuscular mycorrhizal fungi in Syngonanthus elegans, an endemic and threatened species from the cerrado domain in Brazil | |
| 650 | _aMICORRIZA VESICULAR ARBUSCULAR | ||
| 650 | _aBIOLOGIA DO SOLO | ||
| 650 | _aCERRADO | ||
| 773 | 0 |
_tCiência e Agrotecnologia (Brazil) _xISSN 1413-7054 _g(May-Jun 2016), v. 40(3) p. 326-336 _wBR2017000540 |
|
| 909 |
_a202311 _bLúcia _c55 _dLúcia Elande |
||
| 942 |
_2AGRIS _n0 _cANA |
||
| 999 |
_c251555 _d251555 |
||